LEADER 00886oam 2200217z- 450 001 996280245203316 010 $a1-4799-4321-5 035 $a(CKB)3780000000082552 035 $a(EXLCZ)993780000000082552 100 $a20220628c2014uuuu -u- - 101 0 $aeng 200 00$aComputing for Geospatial Research and Application (COM.Geo), 2014 Fifth International Conference on 210 $cIEEE 311 $a1-4799-4320-7 517 $a2014 5th International Conference on Computing for Geospatial Research and Application 517 $a2014 Fifth International Conference on Computing for Geospatial Research and Application 517 $aComputing for Geospatial Research and Application 906 $aPROCEEDING 912 $a996280245203316 996 $aComputing for Geospatial Research and Application (COM.Geo), 2014 Fifth International Conference on$92539031 997 $aUNISA LEADER 01051nam0 22002891i 450 001 RML0316799 005 20231121125754.0 100 $a20121121d2008 ||||0itac50 ba 101 | $aeng 102 $agb 181 1$6z01$ai $bxxxe 182 1$6z01$an 200 1 $aPort management and operations$eby Patrick M. Alderton 205 $a3. ed 210 $aLondon $cInforma $d2008 215 $aXII, 205 p.$d24 cm. 606 $aPorti$xAttività e servizi$2FIR$3RMLC400874$9I 676 $a387.1068$9$v22 700 1$aAlderton$b, Patrick Mitchell$3RMLV204490$01446352 801 3$aIT$bIT-01$c20121121 850 $aIT-FR0098 899 $aBiblioteca Area Giuridico Economica$bFR0098 912 $aRML0316799 950 0$aBiblioteca Area Giuridico Economica$d 53ATENE 20/108$e 53VM 0000873805 VM barcode:BAGE020464. - Inventario:12837. - Fondo:Patrimonio Amm.ne Centrale - CSB AGEVM$fA $h20110412$i20121204 977 $a 53 996 $aPort management and operations$93632833 997 $aUNICAS